Cinco minutos con Jesucristo en la eucaristía

Uloženo v:
Podrobná bibliografie
Hlavní autor: Corral, Olegario (Autor)
Médium: Kniha
Jazyk:španělština
Vydáno: Barcelona Tipografia Católica Casals 1928
Vydání:2a. ed
Témata:
Tagy: Přidat tag
Žádné tagy, Buďte první, kdo vytvoří štítek k tomuto záznamu!

MARC

LEADER 00000cam a2200000 a 4500
001 UCD0424
003 CL-VaPUC
008 151127e19280000sp |||||||||||||||||spa|d
082 0 4 |a 234.16  |b COR  |2 21 
100 0 |a Corral, Olegario  |e author  |9 583400 
245 1 0 |a Cinco minutos con Jesucristo en la eucaristía 
250 |a 2a. ed 
300 |a 298 p 
942 |c BK 
945 |d 20151127 13:45:00  |a gsalatino 
260 |a Barcelona  |b Tipografia Católica Casals  |c 1928 
600 0 |a Jesucristo  |9 481811 
650 0 |a Eucaristía  |9 257336 
650 0 |a Sacramentos   |9 257270 
650 7 |a LITURGIA  |2 CL-VaPUC  |9 583401 
583 |a last modification  |c 20151127 13:45:00  |k Rodrigo Vera 
999 |c 361963  |d 361961 
952 |0 0  |1 0  |3 erb  |4 0  |6 234_160000000000000_COR_1928  |7 0  |8 P  |9 472739  |a BIBTEO  |b BIBTES  |c TEO_FTES  |i 5271908  |o 234.16 COR 1928  |p 5271908  |r 2024-01-18  |w 2019-11-24  |y BK  |z Catalogado en:20151127  |k ICR